| 000 | 00398cam a22001337a 4500 | ||
|---|---|---|---|
| 008 | 180718b1977 xxu||||| |||| 00| 0 eng d | ||
| 082 | _aB20x54 Sh17 | ||
| 100 | _aSahma Sastri, R. | ||
| 245 |
_aEvolution of Indian polity _cby R. Shama Sastri |
||
| 260 |
_aDelhi _bNag Pub. _c1977 |
||
| 300 | _a176p. | ||
| 650 | _aIndia --Politics and government --To 997. | ||
| 650 | _aConstitutional history --India | ||
| 999 |
_c354170 _d354170 |
||